000 00353nam a22001457a 4500
020 _a978-81-87649-61-8
082 _a823
_bMUR/R
100 _aMURTHY, SARANG DEV
245 _aTHE RUNAWAY PUPPY
_bSHORT STORY
246 _aTHE RUNAWAY PUPPY
_bSHORT STORY
260 _aDELHI
_bKATHA
_c2012
520 _aSHORT STORY
650 _aSHORT STORY
942 _cBK
999 _c2590
_d2590